000 00339 a2200145 4500
001 153763
040 _cEscola São Tomás de Aquino
100 _aROCHA, Ruth
240 1 0 _aMil pássaros pelos céus
_lpor
245 1 0 _aMil pássaros pelos céus
362 0 _a2005
440 1 _aÁtica
697 _a*LITERATURA INFANTO
942 _cBK
999 _c153763
_d153763